Seeking changes : (Record no. 28845)
[ view plain ]
| 000 -LEADER | |
|---|---|
| fixed length control field | 01118nam a2200337 a 4500 |
| 001 - CONTROL NUMBER | |
| control field | 016064425 |
| 003 - CONTROL NUMBER IDENTIFIER | |
| control field | EG-ScBUE |
| 005 - DATE AND TIME OF LATEST TRANSACTION | |
| control field | 20200927115954.0 |
| 008 - FIXED-LENGTH DATA ELEMENTS--GENERAL INFORMATION | |
| fixed length control field | 120207s2011 cc f b 000 0 eng d |
| 020 ## - INTERNATIONAL STANDARD BOOK NUMBER | |
| International Standard Book Number | 9787511708151 |
| 035 ## - SYSTEM CONTROL NUMBER | |
| System control number | (OCoLC)775526873 |
| 040 ## - CATALOGING SOURCE | |
| Original cataloging agency | CE@ |
| Language of cataloging | eng |
| Description conventions | rda |
| Transcribing agency | CE@ |
| Modifying agency | Uk |
| -- | EG-ScBUE |
| 043 ## - GEOGRAPHIC AREA CODE | |
| Geographic area code | a-cc--- |
| 082 04 - DEWEY DECIMAL CLASSIFICATION NUMBER | |
| Classification number | 338.951 |
| Item number | SEE |
| Edition number | 22 |
| 245 00 - TITLE STATEMENT | |
| Title | Seeking changes : |
| Remainder of title | the economics development in contemporary China. |
| 264 #1 - PUBLICATION, DISTRIBUTION, ETC. (IMPRINT) | |
| Place of publication, distribution, etc | Beijing, China : |
| Name of publisher, distributor, etc | Central Compilation and Translation Press, |
| Date of publication, distribution, etc | 2011. |
| 300 ## - PHYSICAL DESCRIPTION | |
| Extent | i, 263 pages ; |
| Dimensions | 24 cm |
| 336 ## - CONTENT TYPE | |
| Content type term | text |
| Source | rdacontent |
| Content type code | txt |
| 337 ## - MEDIA TYPE | |
| Media type term | unmediated |
| Source | rdamedia |
| Media type code | n |
| 338 ## - CARRIER TYPE | |
| Carrier type term | volume |
| Source | rdacarrier |
| Carrier type code | nc |
| 504 ## - BIBLIOGRAPHY, ETC. NOTE | |
| Bibliography, etc | Includes bibliographical references. |
| 651 #7 - SUBJECT ADDED ENTRY--GEOGRAPHIC NAME | |
| Geographic name | China |
| General subdivision | Economic policy. |
| Source of heading or term | BUEsh |
| 651 #7 - SUBJECT ADDED ENTRY--GEOGRAPHIC NAME | |
| Geographic name | China |
| General subdivision | Economic conditions. |
| Source of heading or term | BUEsh |
| 653 ## - INDEX TERM--UNCONTROLLED | |
| Resource For college | BAEPS, Economics |
| Arrived date list | September2020 |
| 655 ## - INDEX TERM--GENRE/FORM | |
| Form subdivision | Reading book |
| 9 (RLIN) | 34232 |
| 700 1# - ADDED ENTRY--PERSONAL NAME | |
| Personal name | Zhou, Yanhui |
| Linkage | 880-02 |
| Relator term | author. |
| 880 ## - ALTERNATE GRAPHIC REPRESENTATION | |
| Linkage | 260-01 |
| a | 北京 : |
| b | 中央编译出版社, |
| c | 2011. |
| 880 1# - ALTERNATE GRAPHIC REPRESENTATION | |
| Linkage | 700-02 |
| a | 周艳辉. |
| 942 ## - ADDED ENTRY ELEMENTS (KOHA) | |
| Source of classification or shelving scheme | Dewey Decimal Classification |
| Koha item type | Book - Borrowing |
| Withdrawn status | Lost status | Source of classification or shelving scheme | Damaged status | Not for loan | Collection code | Home library | Current library | Shelving location | Date acquired | Source of acquisition | Total Checkouts | Full call number | Barcode | Date last seen | Price effective from | Koha item type |
|---|---|---|---|---|---|---|---|---|---|---|---|---|---|---|---|---|
| Dewey Decimal Classification | Baccah | Central Library | Central Library | First floor | 27/09/2020 | Purchase | 338.951 SEE | 000049853 | 15/07/2025 | 27/09/2020 | Book - Borrowing |